Mentioned Countries in "Geography Now - Argentina" - Statistics

General Stats
  • This quiz has been taken 40 times
  • The average score is 10 of 17
Answer Stats
# Country % Correct
6 Chile
97%
39 Argentina
94%
3 Brazil
94%
2 Paraguay
94%
2 Spain
92%
7 Uruguay
92%
1 Bolivia
89%
2 United Kingdom
89%
1 United States
89%
4 Italy
67%
1 Turkey
33%
1 Netherlands
28%
1 Armenia
22%
1 Norway
22%
1 Sweden
22%
1 Afghanistan
11%
1 Sudan
6%
No matching quizzes found
Score Distribution
Percent of People with Each Score
Percentile by Number Answered
Your Score History
You have not taken this quiz